| 000 | 00497cam a2200181 a 4500 | ||
|---|---|---|---|
| 020 | _a9781416585671 | ||
| 020 | _a9781416585893 (ebk.) | ||
| 050 | 0 | 0 |
_aPS 3613.C57 _bN37 2009 |
| 100 | 1 | _aMcLaughlin, Emma. | |
| 245 | 1 | 0 |
_aNanny returns : _ba novel / _cEmma McLaughlin and Nicola Kraus. |
| 250 | _a1st Atria Books hardcover ed. | ||
| 260 |
_aNew York : _bAtria Books, _c2009. |
||
| 300 | _a305 p. ; | ||
| 650 | 0 | _vFiction. | |
| 650 | 0 | _vFiction. | |
| 700 | 1 | _aKraus, Nicola. | |
| 942 |
_2lcc _cGEN |
||
| 999 |
_c10860 _d10860 |
||